Effect of water hyacinth on protozoa population in rumen of local yellow cattle at animal experimental station of rua, (ឥទ្ធិពលនៃការប្រើប្រាស់កំប្លោកនៅលើចំនួនប្រូតូសូអា នៅក្នុងពោះធំរបស់ពូជគោក្នុងស្រុក នៅស្ថានីយ៍ពិសោធន៍សត្វ ស.វ.ភ.ក) (Record no. 2351)

000 -LEADER
fixed length control field 00802nam a22001577a 4500
003 - CONTROL NUMBER IDENTIFIER
control field OSt
005 - DATE AND TIME OF LATEST TRANSACTION
control field 20151020113236.0
008 - FIXED-LENGTH DATA ELEMENTS--GENERAL INFORMATION
fixed length control field 151020b xxu||||| |||| 00| 0 eng d
040 ## - CATALOGING SOURCE
Transcribing agency RUA
082 ## - DEWEY DECIMAL CLASSIFICATION NUMBER
Classification number AVM TUM 2010 B092 Or.1
100 ## - MAIN ENTRY--PERSONAL NAME
9 (RLIN) 2498
Personal name TUM VANNAK
245 ## - TITLE STATEMENT
Title Effect of water hyacinth on protozoa population in rumen of local yellow cattle at animal experimental station of rua, (ឥទ្ធិពលនៃការប្រើប្រាស់កំប្លោកនៅលើចំនួនប្រូតូសូអា នៅក្នុងពោះធំរបស់ពូជគោក្នុងស្រុក នៅស្ថានីយ៍ពិសោធន៍សត្វ ស.វ.ភ.ក)
260 ## - PUBLICATION, DISTRIBUTION, ETC. (IMPRINT)
Place of publication, distribution, etc. phnom penh
Name of publisher, distributor, etc. rua
Date of publication, distribution, etc. 2010
300 ## - PHYSICAL DESCRIPTION
Extent x, 37p.
Other physical details ill.
Dimensions 29cm.
942 ## - ADDED ENTRY ELEMENTS (KOHA)
Source of classification or shelving scheme
Koha item type AVM
Holdings
Price effective from Date last seen Permanent Location Not for loan Date acquired Source of classification or shelving scheme Koha item type Barcode Lost status Damaged status Shelving location Withdrawn status Current Location Full call number
2015-10-202015-10-20Library Block B 2015-10-20 AVMRUA019922  B092 Library Block BAVM TUM 2010 B092 Or.1
2015-10-202015-10-20Library Block B 2015-10-20 AVMRUA020184  B092 Library Block BAVM TUM 2010 B092 Or.2
2015-10-202015-10-20Library Block B 2015-10-20 AVMRUA019850  B092 Library Block BAVM TUM 2010 B092 Or.3
2015-10-202015-10-20Library Block B 2015-10-20 AVMRUA020178  B092 Library Block BAVM TUM 2010 B092 Or.4
2015-10-202015-10-20Library Block B 2015-10-20 AVMRUA020255  B092 Library Block BAVM TUM 2010 B092 Or.5
2015-10-202015-10-20Library Block B 2015-10-20 AVMRUA020183    Library Block BAVM TUM 2010 B092 Or.6
2015-11-062015-11-06Library Block B 2015-11-06 AVMRUA037734    Library Block BAVM TUM 2010 B092 Or.7
មជ្ឈមណ្ឌលឯការនៃសាកលវិទ្យាល័យភូមិន្ទកសិកម្មចំការដូង

Powered by Koha